ทรงสื่อสาร วัฒนาประชาไทย (ระเบียนเลขที่ 63968)
| 000 -LEADER | |
|---|---|
| fixed length control field | 01324nam a22002777a 4500 |
| 005 - DATE AND TIME OF LATEST TRANSACTION | |
| control field | 20251125233104.0 |
| 008 - FIXED-LENGTH DATA ELEMENTS--GENERAL INFORMATION | |
| fixed length control field | s2553 th ||||| |||| 00| 0 tha d |
| 020 ## - INTERNATIONAL STANDARD BOOK NUMBER | |
| International Standard Book Number | 9786167305202 |
| 040 ## - CATALOGING SOURCE | |
| Original cataloging agency | NALT |
| 050 ## - LIBRARY OF CONGRESS CALL NUMBER | |
| Classification number | HE8390.55 ค123ท 2553 |
| 245 10 - TITLE STATEMENT | |
| Title | ทรงสื่อสาร วัฒนาประชาไทย |
| 260 3# - PUBLICATION, DISTRIBUTION, ETC. | |
| Place of publication, distribution, etc. | กรุงเทพฯ : |
| Name of publisher, distributor, etc. | อัมรินทร์พริ้นติ้งแอนด์พับลิชชิ่ง, |
| Date of publication, distribution, etc. | 2553 |
| 300 ## - PHYSICAL DESCRIPTION | |
| Extent | 256 หน้า : |
| Other physical details | ภาพประกอบ ; |
| Dimensions | 30 ซม. |
| 610 ## - SUBJECT ADDED ENTRY--CORPORATE NAME | |
| Corporate name or jurisdiction name as entry element | คณะกรรมการกิจการโทรคมนาคมแห่งชาติ |
| 650 04 - SUBJECT ADDED ENTRY--TOPICAL TERM | |
| Topical term or geographic name entry element | โทรเลข |
| 650 04 - SUBJECT ADDED ENTRY--TOPICAL TERM | |
| Topical term or geographic name entry element | จดหมาย |
| 650 04 - SUBJECT ADDED ENTRY--TOPICAL TERM | |
| Topical term or geographic name entry element | วิทยุกระจายเสียง |
| 650 04 - SUBJECT ADDED ENTRY--TOPICAL TERM | |
| Topical term or geographic name entry element | วิทยุ |
| 650 04 - SUBJECT ADDED ENTRY--TOPICAL TERM | |
| Topical term or geographic name entry element | กษัตริย์และผู้ครองนคร -- ไทย -- พระราชกรณียกิจ |
| 650 04 - SUBJECT ADDED ENTRY--TOPICAL TERM | |
| Topical term or geographic name entry element | การสื่อสาร -- ไทย -- ประวัติ |
| 650 04 - SUBJECT ADDED ENTRY--TOPICAL TERM | |
| Topical term or geographic name entry element | โทรคมนาคม -- ไทย -- ประวัติ |
| 850 ## - HOLDING INSTITUTION | |
| Holding institution | NALT |
| 856 40 - ELECTRONIC LOCATION AND ACCESS | |
| Uniform Resource Identifier | <a href="https://hdl.handle.net/20.500.14156/338091">https://hdl.handle.net/20.500.14156/338091</a> |
| -- | 1 |
| 942 ## - ADDED ENTRY ELEMENTS (KOHA) | |
| Koha item type | General Book |
| Source of classification or shelving scheme | Library of Congress Classification |
| Withdrawn status | Lost status | Damaged status | Not for loan | Collection code | Home library | Current library | Shelving location | Source of acquisition | Total Checkouts | Full call number | Barcode | Date last seen | Copy number | Price effective from | Koha item type | Source of classification or shelving scheme | Date acquired |
|---|---|---|---|---|---|---|---|---|---|---|---|---|---|---|---|---|---|
| Not for Loan | General Book collection | National Assembly Library of Thailand | National Assembly Library of Thailand | Parliament Building 2 | บริจาค | HE 8390.55 ค123ท 2553 | 3961184751 | 09/06/2017 | ฉ. 3 | 09/06/2017 | General Book | ||||||
| General Book collection | National Assembly Library of Thailand | National Assembly Library of Thailand | บริจาค | HE 8390.55 ค123ท 2553 | 3961184750 | 09/06/2017 | ฉ. 2 | 09/06/2017 | General Book | ||||||||
| General Book collection | National Assembly Library of Thailand | National Assembly Library of Thailand | บริจาค | HE 8390.55 ค123ท 2553 | 3961184749 | 09/06/2017 | ฉ. 1 | 09/06/2017 | General Book | ||||||||
| Senate | National Assembly Library of Thailand | National Assembly Library of Thailand | General Book shelves | HE 8390.55 ค123ท 2553 | 0100010719001 | 18/10/2022 | 30/07/2022 | General Book | Library of Congress Classification | 30/07/2022 |
